[Event "FSIMB June"]
[Site "Budapest HUN"]
[Date "2010.06.14"]
[Round "10"]
[White "Tran Tuan Minh"]
[Black "To,N"]
[Result "0-1"]
[WhiteElo "2211"]
[BlackElo "2413"]

1.d4 Nf6 2.Bg5 e6 3.e4 h6 4.Bxf6 Qxf6 5.Nc3 d6 6.Qd2 c6 7.Nge2 e5 8.f4 Be7
9.g3 O-O 10.Bg2 Rd8 11.O-O Qg6 12.Kh1 Nd7 13.Rad1 Nf8 14.a4 Bg4 15.Bf3 Bxf3+
16.Rxf3 d5 17.fxe5 dxe4 18.Nf4 Qh7 19.Re3 f5 20.exf6 Bxf6 21.Qe2 Kh8 22.Nxe4 Bxd4
23.Red3 c5 24.Qf3 Nd7 25.Rxd4 cxd4 26.Nd6 Ne5 27.Qd5 Qxc2 28.Rxd4 Rxd6  0-1

[Event "Open"]
[Site "Teplice CZE"]
[Date "2010.06.15"]
[Round "4"]
[White "Horyna,J"]
[Black "Hellinger,Jan"]
[Result "1-0"]
[WhiteElo "1914"]
[BlackElo "1625"]

1.d4 Nf6 2.Bg5 e6 3.Bxf6 Qxf6 4.Nf3 d5 5.e3 Bd6 6.c3 Nd7 7.Bd3 c6 8.Nbd2 e5
9.dxe5 Nxe5 10.Nxe5 Bxe5 11.h3 Be6 12.Nf3 Bc7 13.Rc1 Rd8 14.Qa4 Bb6 15.a3 Qh6
16.Qf4 Qxf4 17.exf4 Bc7 18.f5 Bc8 19.O-O O-O 20.Rfe1 Rfe8 21.b4 a6 22.g4 Bf4
23.Rcd1 h6 24.Kf1 Bd7 25.Rxe8+ Rxe8 26.c4 Kf8 27.cxd5 cxd5 28.Be2 Rc8 29.Rxd5 Rc1+
30.Rd1 Rxd1+ 31.Bxd1 Bc1 32.a4 Ba3 33.Ne5 Be8 34.Nd3 Bc6 35.Bb3 f6 36.Ke2 Be4
37.Nc5 Bc6 38.Ne6+ Ke7 39.Nxg7 Bxb4 40.Ne6 b5 41.Nd4 Be8 42.axb5 Bxb5+ 43.Nxb5 axb5
44.f4 Bc3 45.h4 b4 46.g5 fxg5 47.fxg5 hxg5 48.hxg5 Bh8 49.Kf3 Bc3 50.Kg4 Kf8
51.f6 Be5 52.Kf5 Bd4 53.g6  1-0

[Event "Open"]
[Site "Teplice CZE"]
[Date "2010.06.16"]
[Round "5"]
[White "Hrbolka,L sr"]
[Black "Liska,Ji"]
[Result "1/2-1/2"]
[WhiteElo "2135"]
[BlackElo "1943"]

1.d4 Nf6 2.Bg5 e6 3.Nf3 h6 4.Bxf6 Qxf6 5.e4 b6 6.Bd3 Bb7 7.Nbd2 c5 8.c3 cxd4
9.cxd4 Bb4 10.O-O Bxd2 11.Qxd2 O-O 12.Rac1 Nc6 13.Bb1 Rac8 14.Rc3 e5 15.Nxe5 Nxe5
16.dxe5 Qxe5 17.Rxc8 Bxc8 18.f4 Qc5+ 19.Kh1 Qe7 20.Rd1 Rd8 21.e5 Bb7 22.Qd3 g6
23.Bc2 Qh4 24.e6 f5 25.exd7 Qxf4 26.Bb3+ Kh7 27.Re1 Qg5 28.Re2 Qc1+ 29.Bd1 Be4
30.Qd2  1/2-1/2

[Event "14th FIDE Open"]
[Site "Voronezh RUS"]
[Date "2010.06.16"]
[Round "5"]
[White "Sukhareva,V"]
[Black "Shorokhov,M"]
[Result "1-0"]
[WhiteElo "1932"]
[BlackElo "2139"]

1.d4 Nf6 2.Bg5 e6 3.e4 h6 4.Bxf6 Qxf6 5.e5 Qe7 6.Nc3 g6 7.f4 Bg7 8.Nf3 O-O
9.Bd3 Nc6 10.Qd2 d6 11.O-O-O dxe5 12.fxe5 Rd8 13.Qf4 Nb4 14.Ne4 Nd5 15.Qd2 b6
16.c4 Nb4 17.Qf4 g5 18.Nf6+ Qxf6 19.Qxf6 Bxf6 20.exf6 Bb7 21.Bb1 Bxf3 22.gxf3 c5
23.h4 Rxd4 24.Be4 Rad8 25.Rdg1 Nd3+ 26.Bxd3 Rxd3 27.hxg5 R3d4 28.Rxh6 Rxc4+
29.Kb1 Rcd4 30.Kc2 Rd2+ 31.Kc1  1-0

[Event "14th Master Open"]
[Site "Voronezh RUS"]
[Date "2010.06.16"]
[Round "5"]
[White "Poghosyan,S"]
[Black "Kalegin,E"]
[Result "1/2-1/2"]
[WhiteElo "2310"]
[BlackElo "2458"]

1.d4 Nf6 2.Bg5 e6 3.Nf3 h6 4.Bh4 c5 5.e3 b6 6.Bd3 Bb7 7.Nbd2 Be7 8.O-O cxd4
9.exd4 O-O 10.c3 d6 11.Re1 Nbd7 12.a4 a6 13.Nf1 Nh5 14.Bxe7 Qxe7 15.Ng3 Nxg3
16.hxg3 Nf6 17.Nd2 Qc7 18.Ne4 Bxe4 19.Bxe4 Nxe4 20.Rxe4 d5 21.Re1 b5 22.axb5 axb5
23.Qb3 Qc4 24.Qxc4 bxc4 25.Rxa8 Rxa8 26.Kf1  1/2-1/2

[Event "4th Open"]
[Site "Varna BUL"]
[Date "2010.06.17"]
[Round "6"]
[White "Arnaudov,P"]
[Black "Aleksandrov,G"]
[Result "1-0"]
[WhiteElo "2216"]
[BlackElo "2245"]

1.d4 Nf6 2.Bg5 e6 3.e4 Be7 4.Nd2 d5 5.e5 Nfd7 6.Bxe7 Qxe7 7.Qg4 f5 8.Qg3 c5
9.c3 Nc6 10.Ne2 b6 11.O-O-O Ba6 12.Nf3 O-O-O 13.Nf4 Bxf1 14.Rhxf1 c4 15.Qg5 Rde8
16.h4 Nf8 17.h5 Qxg5 18.Nxg5 Re7 19.Rh1 h6 20.Nf3 Rg8 21.Nh4 Re8 22.f3 Ne7
23.g4 fxg4 24.fxg4 g5 25.hxg6 Nexg6 26.Nhxg6 Nxg6 27.Nh5 Ref8 28.Nf6 Rh8
29.Rdf1 Kd8 30.Rh5 Ke7 31.Rfh1 Nf4 32.Rxh6 Rxh6 33.Rxh6 Rf7 34.Kd2 Ng2 35.Ke2 Nf4+
36.Ke3 Nd3 37.b3 b5 38.bxc4 bxc4 39.Rh1 a5 40.Rb1 a4 41.Rb8 Rf8 42.Rb7+ Kd8
43.Rd7+ Kc8 44.Ra7  1-0

[Event "Open"]
[Site "Eforie Nord ROU"]
[Date "2010.06.19"]
[Round "2"]
[White "Manolache,M"]
[Black "Stolte,A"]
[Result "1-0"]
[WhiteElo "2527"]
[BlackElo "2231"]

1.d4 Nf6 2.Bg5 e6 3.e3 c5 4.Nd2 Be7 5.Bd3 cxd4 6.exd4 Qb6 7.Ne2 d5 8.a4 Nc6
9.c3 e5 10.Bb5 O-O 11.Bxc6 bxc6 12.a5 Qc7 13.dxe5 Ng4 14.Bxe7 Qxe7 15.O-O Ba6
16.Re1 Qh4 17.Nf1 Qxf2+ 18.Kh1 Rfe8 19.Neg3 Nxe5 20.Re3 Bxf1 21.Nxf1 Qxb2
22.Qe1 Qb8 23.Rb1 Qd8 24.Rxe5  1-0

[Event "ch-PAR"]
[Site "Asuncion URU"]
[Date "2010.06.20"]
[Round "5"]
[White "Diaz,Fe"]
[Black "Pereira,Fa PAR"]
[Result "0-1"]
[WhiteElo "2020"]
[BlackElo "2101"]

1.d4 Nf6 2.Bg5 e6 3.e4 h6 4.Bxf6 Qxf6 5.Nf3 d6 6.Nc3 Qe7 7.Bd3 g5 8.h3 Bg7
9.Qe2 Nd7 10.Nd1 b6 11.Ba6 Bxa6 12.Qxa6 O-O 13.Ne3 c5 14.c3 cxd4 15.cxd4 d5
16.exd5 Qb4+ 17.Kf1 Qxb2 18.Rd1 Nf6 19.Rd2 Qb1+ 20.Rd1 Qe4 21.dxe6 fxe6 22.Qd3 Rad8
23.Ke2 Qf4 24.g3 Qe4 25.Qxe4 Nxe4 26.Rd3 e5 27.Nc2 Rc8 28.Nce1 exd4 29.Rf1 Rfe8  0-1

[Event "ch-PAR"]
[Site "Asuncion URU"]
[Date "2010.06.20"]
[Round "6"]
[White "Vargas,Ga"]
[Black "Zacarias,M"]
[Result "1/2-1/2"]
[WhiteElo "2069"]
[BlackElo "2200"]

1.d4 Nf6 2.Bg5 e6 3.e3 c5 4.c3 b6 5.Nf3 Bb7 6.Nbd2 Be7 7.Bd3 O-O 8.O-O d6
9.e4 Nbd7 10.Re1 e5 11.dxe5 Nxe5 12.Nxe5 dxe5 13.Nc4 Nd7 14.Bxe7 Qxe7 15.Ne3 g6
16.Bc4 Nf6 17.Nd5 Bxd5 18.Bxd5 Nxd5 19.exd5 Qd6 20.Qe2 Rae8 21.Rad1 f5 22.Qb5 Rc8
23.c4 Rf6 24.Re2 Rf7 25.Rde1 Re7 26.f3 Kg7 27.Qb3 Rce8 28.Qc3 Kf7 29.Qd3 h5
30.g3  1/2-1/2

[Event "1st Open"]
[Site "Marrakesh MAR"]
[Date "2010.06.26"]
[Round "1"]
[White "Miladinovic,I"]
[Black "Toubal,W"]
[Result "1-0"]
[WhiteElo "2559"]
[BlackElo "1923"]

1.d4 Nf6 2.Bg5 e6 3.e3 d5 4.Nd2 Be7 5.Bd3 Nbd7 6.f4 c5 7.c3 b6 8.Ngf3 Bb7
9.Ne5 O-O 10.Bxf6 Nxf6 11.Qf3 Rc8 12.O-O g6 13.Rad1 Qc7 14.Qh3 Ne4 15.Nxe4 dxe4
16.Bc4 Bd5 17.Bxd5 exd5 18.dxc5 bxc5 19.Rxd5 Qb7 20.Rd7 Rc7 21.Rfd1 Re8 22.Rxc7 Qxc7
23.Qd7 Rc8 24.Qd5  1-0

[Event "1st Open"]
[Site "Marrakesh MAR"]
[Date "2010.06.30"]
[Round "7"]
[White "Miladinovic,I"]
[Black "Haddouche,M"]
[Result "1-0"]
[WhiteElo "2559"]
[BlackElo "2425"]

1.d4 Nf6 2.Bg5 e6 3.e3 d6 4.Nf3 Nbd7 5.Nbd2 Be7 6.c3 O-O 7.Bd3 e5 8.Qc2 h6
9.Bxf6 Bxf6 10.O-O-O Qe7 11.g4 d5 12.dxe5 Nxe5 13.Nxe5 Qxe5 14.Nf3 Qe7 15.Bh7+ Kh8
16.Bf5 c6 17.h4 Be5 18.Rhe1 Re8 19.Bxc8 Rexc8 20.g5 b5 21.Rg1 Qe6 22.gxh6 gxh6
23.Nxe5 Qxe5 24.Rg4 Rg8 25.Rf4 Rg7 26.Qd3 Re8 27.Qd4 Qxd4 28.cxd4 Re6 29.Kd2 Kg8
30.a4 a6 31.axb5 axb5 32.Ra1 f6 33.Ra8+ Kf7 34.Rh8 Kg6 35.Ke2 Ree7  1-0

[Event "1st Open"]
[Site "Marrakesh MAR"]
[Date "2010.07.02"]
[Round "9"]
[White "Miladinovic,I"]
[Black "Georgiev,Ki"]
[Result "0-1"]
[WhiteElo "2559"]
[BlackElo "2662"]

1.d4 Nf6 2.Bg5 e6 3.e3 c5 4.c3 h6 5.Bh4 b6 6.Nd2 Bb7 7.Ngf3 Be7 8.Bd3 Nc6
9.Bxf6 Bxf6 10.Qe2 Qc7 11.a3 O-O 12.h4 g6 13.g4 Bg7 14.g5 h5 15.Ne4 Rad8
16.Nf6+ Kh8 17.Rh3 d5 18.Nd2 e5 19.dxe5 Nxe5 20.f4 Nxd3+ 21.Qxd3 Bc8 22.Rg3 Bf5
23.Qe2 Bxf6 24.gxf6 Qc6 25.Rg5 Qxf6 26.Kf2 d4 27.cxd4 cxd4 28.e4 Bg4  0-1

[Event "Heart of Finland"]
[Site "Jyvaskyla FIN"]
[Date "2010.07.06"]
[Round "3"]
[White "Grinberg,I"]
[Black "Akesson,R"]
[Result "1/2-1/2"]
[WhiteElo "2249"]
[BlackElo "2470"]

1.d4 Nf6 2.Bg5 e6 3.e4 h6 4.Bxf6 Qxf6 5.Nf3 d6 6.Nc3 Nd7 7.Qd2 a6 8.O-O-O Qd8
9.Bd3 c5 10.Rhe1 Be7 11.Kb1 O-O 12.dxc5 Nxc5 13.e5 dxe5 14.Nxe5 Qc7 15.f4 b5
16.Be4 Nxe4 17.Nxe4 Bb7 18.Qe2 Rfd8 19.g3 Rxd1+ 20.Rxd1 Rd8 21.Rxd8+ Qxd8
22.a3 g6 23.Nd3 Qd4 24.Nc3 Bf8 25.Qe5 Qxe5 26.fxe5 Kg7 27.Kc1 g5 28.Ne2 Kg6
29.Nd4 Kh5 30.Kd2 Bd5 31.Ke3 Be7 32.b4 Kg4 33.Nf2+ Kh5 34.Nd3 Kg6 35.Nc5 Bxc5
36.bxc5 f6 37.exf6 Kxf6 38.Nb3 e5 39.h4 gxh4 40.gxh4 Kf5 41.Na5 Ke6 42.Kd3 Kd7
43.Ke3 Ke7 44.Kd3 Ke6 45.c4 Bg2 46.Kc3 Bf1 47.Kb4 h5 48.Kc3 Be2 49.Kb4 bxc4
50.Nxc4 Kd5 51.Ne3+ Ke4 52.Nc4 Kd4 53.Nd6 Bf3 54.Nf5+ Ke4 55.Ne7 Kd4 56.c6 Bg4
57.c7 e4 58.Nc6+ Ke3 59.Kc3 Kf2 60.Ne5 Bf5 61.Kd4 Kg3 62.Ke3 Kxh4 63.Kf4 Bc8
64.Kxe4 Kg3 65.Ng6 h4 66.Nxh4 Kxh4  1/2-1/2

[Event "Sparkassen Open"]
[Site "Nettetal GER"]
[Date "2010.07.06"]
[Round "4"]
[White "Bock,J"]
[Black "Franco Alonso,A"]
[Result "0-1"]
[WhiteElo "2270"]
[BlackElo "2480"]

1.d4 Nf6 2.Bg5 e6 3.e3 b6 4.Nd2 Bb7 5.Ngf3 d6 6.Bd3 h6 7.Bxf6 Qxf6 8.Qe2 g6
9.O-O-O Bg7 10.Rhg1 Qe7 11.e4 a6 12.Kb1 Nd7 13.c3 O-O 14.g4 c5 15.h4 b5 16.g5 h5
17.e5 c4 18.Bc2 Rab8 19.Rg3 Rfc8 20.exd6 Qxd6 21.Be4 Bd5 22.Ka1 b4 23.Nb1 a5
24.Ne1 Bxe4 25.Qxe4 Nc5 26.Qe2 Na4 27.Rd2 Qb6 28.Qd1 bxc3 29.bxc3 e5 30.d5 e4
31.Qc1 Rb7 32.Nc2 Rcb8 33.Nca3 Qd6 34.Rg1 Nc5 35.Nxc4 Rxb1+ 36.Qxb1 Rxb1+
37.Kxb1 Qa6 38.Ne3 Bxc3 39.Rc2 Qb5+ 40.Kc1 Nd3+  0-1

[Event "Heart of Finland"]
[Site "Jyvaskyla FIN"]
[Date "2010.07.08"]
[Round "6"]
[White "Legkyi,Mykola"]
[Black "Nieminen,S"]
[Result "1-0"]
[WhiteElo "2425"]
[BlackElo "2062"]

1.d4 Nf6 2.Bg5 e6 3.Nf3 c5 4.e3 b6 5.d5 d6 6.Bb5+ Bd7 7.Bxd7+ Nbxd7 8.dxe6 fxe6
9.c4 Be7 10.Nc3 O-O 11.O-O a6 12.Qd3 Qc7 13.Bf4 Rfd8 14.Rad1 Nf8 15.Rd2 Qb7
16.Rfd1 Rd7 17.a4 Rad8 18.e4 Ng6 19.Bg3 Nh5 20.e5 Nxg3 21.hxg3 d5 22.cxd5 exd5
23.Nxd5 Kh8 24.Qb3 b5 25.axb5 axb5 26.Nxe7 Nxe7 27.Ng5 Nd5 28.e6  1-0

[Event "3rd Open"]
[Site "Paracin SRB"]
[Date "2010.07.09"]
[Round "1"]
[White "Kojovic,D"]
[Black "Bulatovic,N"]
[Result "1-0"]
[WhiteElo "2381"]
[BlackElo "2066"]

1.d4 Nf6 2.Bg5 e6 3.e4 h6 4.Bxf6 Qxf6 5.Nc3 d6 6.Qd2 g6 7.O-O-O Nc6 8.f4 Bg7
9.e5 Qd8 10.Nf3 d5 11.Be2 a6 12.g4 b5 13.h4 h5 14.gxh5 Rxh5 15.Ng5 Rh8 16.Rdg1 Bh6
17.h5 Bxg5 18.fxg5 Ne7 19.Qf4  1-0

[Event "3rd Open"]
[Site "Paracin SRB"]
[Date "2010.07.10"]
[Round "3"]
[White "Pakhomov,A"]
[Black "Milosevic,A"]
[Result "1-0"]
[WhiteElo "2412"]
[BlackElo "2244"]

1.d4 Nf6 2.Bg5 e6 3.e3 h6 4.Bh4 d6 5.Bd3 Nc6 6.c4 g6 7.Nc3 Bg7 8.f4 e5 9.fxe5 dxe5
10.d5 Ne7 11.e4 c5 12.Nf3 Nh5 13.O-O Nf4 14.Bc2 g5 15.Ba4+ Bd7 16.Bf2 b6
17.g3 Nh3+ 18.Kg2 O-O 19.Bxd7 Qxd7 20.Ng1 Nxf2 21.Rxf2 f5 22.d6 Nc6 23.Qd5+ Kh8
24.exf5 e4 25.Nxe4 Bd4 26.Qe6 Qh7 27.d7 Ne5 28.Re2 Nxd7 29.Nd6 Rf6 30.Qd5 Qg8
31.Re6 Rd8 32.Rae1 Rdf8 33.Nf3 Bxb2 34.Ne8 Rxe6 35.Rxe6 Nf6 36.Nxf6 Bxf6
37.Ne5 Rd8 38.Qxd8 Bxd8 39.Rxh6+ Kg7 40.Rg6+ Kh7 41.Rxg8 Kxg8 42.Nc6 Bc7
43.Ne7+ Kf7 44.Nd5 Bb8 45.Kf3  1-0

[Event "ch-Paris Int"]
[Site "Paris FRA"]
[Date "2010.07.10"]
[Round "8"]
[White "Meenakshi,Sub"]
[Black "Lagarde,Max"]
[Result "1-0"]
[WhiteElo "2331"]
[BlackElo "2414"]

1.d4 Nf6 2.Bg5 e6 3.e4 d5 4.e5 h6 5.Bc1 Nfd7 6.Nf3 c5 7.c3 Nc6 8.Bd3 Qb6
9.O-O cxd4 10.cxd4 Nxd4 11.Nxd4 Qxd4 12.Nc3 Qxe5 13.Re1 Qb8 14.Nxd5 Bd6 15.Qg4 Kf8
16.Qh4 f6 17.Rxe6 Ne5 18.Rxf6+ gxf6 19.Qxf6+ Nf7 20.Bg6 Be6 21.Bxf7 Bxh2+
22.Kh1 Qe5 23.Qe7+  1-0

[Event "ZDMI Open"]
[Site "Dresden GER"]
[Date "2010.07.13"]
[Round "4"]
[White "Huettemann,R"]
[Black "Siegl,D"]
[Result "1-0"]
[WhiteElo "2068"]
[BlackElo "1944"]

1.d4 Nf6 2.Bg5 e6 3.e4 Be7 4.Nd2 O-O 5.Ngf3 d6 6.Bd3 Nbd7 7.O-O c5 8.c3 b6
9.h3 Bb7 10.Qe2 Ne8 11.Be3 Nc7 12.Nh2 e5 13.dxe5 dxe5 14.Rad1 Qc8 15.f4 exf4
16.Bxf4 Ne6 17.e5 a6 18.Ng4 b5 19.Ne4 Qc6 20.Bc1 c4 21.Bb1 Nec5 22.Rd4 Nxe4
23.Bxe4 Qc7 24.Kh1 Bxe4 25.Qxe4 Nc5 26.Qf5 Qc6 27.Nf6+ Bxf6 28.exf6 g6 29.Qg5 Rad8
30.Qh6  1-0

[Event "Open A"]
[Site "Oberwart AUT"]
[Date "2010.07.14"]
[Round "2"]
[White "Natter,M"]
[Black "Poetz,F"]
[Result "0-1"]
[WhiteElo "2117"]
[BlackElo "2347"]

1.d4 Nf6 2.Bg5 e6 3.e4 h6 4.Bxf6 Qxf6 5.c3 d6 6.Bd3 e5 7.Ne2 g6 8.O-O Bg7
9.f4 Qe7 10.Nd2 Nd7 11.Qe1 exd4 12.Nxd4 O-O 13.Qg3 Nc5 14.Bc2 Ne6 15.N2f3 Nxd4
16.Nxd4 Bd7 17.a4 a5 18.Rae1 Rae8 19.Qd3 c6 20.Nb3 b6 21.Rd1 Bg4 22.Rd2 d5
23.exd5 Be2 24.d6 Qe6 25.f5 Qe5 26.Rxe2 Qxe2 27.fxg6 fxg6 28.Rxf8+ Kxf8 29.Qxe2 Rxe2
30.Bxg6 Rxb2 31.Nd4 Bxd4+ 32.cxd4 Rd2  0-1

[Event "I Open"]
[Site "Girona ESP"]
[Date "2010.07.17"]
[Round "5"]
[White "Pinsach Gelabert,A"]
[Black "Alvarez Serra,J"]
[Result "0-1"]
[WhiteElo "1735"]
[BlackElo "2006"]

1.d4 Nf6 2.Bg5 e6 3.e4 h6 4.Bxf6 Qxf6 5.Nc3 d6 6.Qd2 Nc6 7.Nb5 Qd8 8.f4 a6
9.Na3 g5 10.c3 Qf6 11.g3 gxf4 12.Qxf4 Qxf4 13.gxf4 h5 14.Nc2 Bh6 15.Ne2 Ne7
16.Kf2 Bd7 17.Bg2 Bb5 18.f5 exf5 19.exf5 O-O-O 20.Bh3 Bd7 21.Ne3 Bxe3+ 22.Kxe3 Nxf5+
23.Kd3 Rde8 24.Ng3 Re3+ 25.Kd2 Nxg3 26.Bxd7+ Kxd7 27.Kxe3 Nxh1 28.Rxh1 Rg8
29.Kf3 h4 30.Re1 h3 31.Re2 f5 32.d5 Rg4 33.b3 b5 34.Rc2 a5 35.Re2 b4 36.c4 a4
37.Rc2 a3 38.Rd2 Rg1 39.Rf2 Ke7 40.Re2+ Kf7 41.Rf2 Kf6 42.Re2 Rb1 43.Ke3 Rb2
44.Kf3 Kg5 45.Rf2 Rxf2+ 46.Kxf2 Kf4 47.Ke2 Ke4 48.Kf2 f4 49.Ke2 Kd4  0-1

[Event "2nd Open"]
[Site "Rethymno GRE"]
[Date "2010.07.19"]
[Round "8"]
[White "Richter,Mic"]
[Black "Tzouganakis,P"]
[Result "1-0"]
[WhiteElo "2428"]
[BlackElo "2095"]

1.d4 Nf6 2.Bg5 e6 3.e3 c5 4.c3 b6 5.Nd2 Bb7 6.Ngf3 Be7 7.Bd3 cxd4 8.exd4 O-O
9.Bxf6 Bxf6 10.h4 g6 11.Qc2 Qe7 12.h5 d5 13.Rh3 Nc6 14.hxg6 fxg6 15.O-O-O Nb4
16.Qb1 Nxd3+ 17.Qxd3 a5 18.Rdh1 Rf7 19.Qe3 b5 20.Ne5 Bxe5 21.Qxe5 b4 22.Rg3 Rg7
23.Nb3 bxc3 24.Rxc3 Qf7 25.f3 Qf5 26.Re1 Re7 27.Nc5 Kf7 28.Nd3 Rc8 29.Rxc8 Bxc8
30.Kd2 Ba6 31.Nc5 Bb5 32.a4 Bc6 33.b3 g5 34.Nd3 Qf6 35.Rc1 Be8 36.Rc5 Rb7
37.Kc3 Qg6 38.Rc7+ Rxc7+ 39.Qxc7+ Kg8 40.Qxa5 g4 41.Qd8 gxf3 42.Ne5 fxg2
43.Nxg6 g1=Q 44.Qxe8+ Kg7 45.Qf8+ Kxg6 46.Qg8+  1-0

[Event "Open A"]
[Site "Oberwart AUT"]
[Date "2010.07.21"]
[Round "9"]
[White "Kiss,Laj"]
[Black "Matt,F"]
[Result "1-0"]
[WhiteElo "2204"]
[BlackElo "2053"]

1.d4 Nf6 2.Bg5 e6 3.Nd2 d5 4.e4 dxe4 5.Nxe4 Be7 6.Bxf6 Bxf6 7.Nxf6+ Qxf6
8.Nf3 O-O 9.Bd3 c5 10.c3 cxd4 11.Nxd4 Rd8 12.Qe2 Nd7 13.O-O e5 14.Nf3 Re8
15.Rfe1 Qf4 16.Qe4 Qxe4 17.Bxe4 f6 18.Rad1 Nc5 19.Bd5+ Be6 20.Bxe6+ Nxe6
21.Rd2 Rad8 22.Red1 Kf7 23.Kf1 Ke7 24.g3 g6 25.Ke2 Rxd2+ 26.Rxd2 Rd8 27.Rxd8 Nxd8
28.Kd3 Kd6 29.Nd2 f5 30.c4 Ne6 31.b4 Nd4 32.h4 h6 33.Nf1 b6 34.Ne3 Nf3 35.h5 f4
36.hxg6 Ke6 37.gxf4 exf4 38.Ng4 Nh4 39.g7 Kf7 40.Nxh6+ Kxg7 41.Ng4 Kg6 42.Ke4 Kg5
43.Ne5 Nf5 44.c5 bxc5 45.bxc5 Ne7 46.Nd3 a5 47.Nxf4 a4 48.Nd5 Nc6 49.Nc3 a3
50.Nb5 Kf6 51.Nxa3 Nb4 52.Nc4 Nxa2 53.Kd5 Ke7 54.Kc6 Nb4+ 55.Kb7 Kd7 56.Nb6+ Kd8
57.c6  1-0

[Event "Sparkassen Open A"]
[Site "Dortmund GER"]
[Date "2010.07.23"]
[Round "7"]
[White "Boehm,Ju2"]
[Black "Kuempers,U"]
[Result "1-0"]
[WhiteElo "2214"]
[BlackElo "2091"]

1.d4 Nf6 2.Bg5 e6 3.e4 c5 4.e5 h6 5.Bc1 Nd5 6.c4 Nb4 7.a3 N4c6 8.dxc5 Bxc5
9.Qg4 Kf8 10.Nf3 Qb6 11.Qg3 Nd4 12.Nxd4 Bxd4 13.Nc3 Qa5 14.f4 Bxc3+ 15.bxc3 Na6
16.a4 Kg8 17.Ba3 Qxa4 18.Bd3 Nc5 19.O-O Nxd3 20.Bf8 Kxf8 21.Rxa4 Nc5 22.Ra3 g6
23.Rfa1 a6 24.Qe3 b6 25.Rb1 d6 26.Rxb6 Kg7 27.Rxd6 Nd7 28.Qd4 Rb8 29.Rxd7 Bxd7
30.Qxd7 Rhd8 31.Qc6 Rd1+ 32.Kf2 Rb2+ 33.Ke3 Rbd2 34.Ra1 Rd3+ 35.Ke4 R1d2
36.Ra2 Rd1 37.Rc2 Rd8 38.Qxa6 Re1+ 39.Kf3 Rd3+ 40.Kf2 Re4 41.g3 g5 42.Re2 Rxe2+
43.Kxe2 Rxc3 44.Kd2  1-0

[Event "Andorra Open"]
[Site "La Massana AND"]
[Date "2010.07.23"]
[Round "7"]
[White "Ipatov,A ESP"]
[Black "Shiven,K"]
[Result "1-0"]
[WhiteElo "2507"]
[BlackElo "2335"]

1.d4 Nf6 2.Bg5 e6 3.e4 h6 4.Bxf6 Qxf6 5.Nc3 d6 6.Nf3 Nd7 7.Qd2 c6 8.O-O-O e5
9.dxe5 Nxe5 10.Nxe5 Qxe5 11.f4 Qe6 12.Qd4 Qf6 13.e5 dxe5 14.fxe5 Qg5+ 15.Kb1 Be6
16.Bc4 Rd8 17.Qxa7 Bxc4 18.Qxb7 Be6 19.Qxc6+ Rd7 20.Nb5 Qd8 21.Rd4 Qb8 22.Rhd1 Qb7
23.Rxd7 Qxc6 24.Nc7+ Qxc7 25.Rxc7 Be7 26.Ra7 Bd8 27.Ra8 Ke7 28.Ra7+ Ke8 29.b4  1-0

[Event "21st Czech GM Open"]
[Site "Pardubice CZE"]
[Date "2010.07.24"]
[Round "2"]
[White "Kireev,Al"]
[Black "Kunte,A"]
[Result "1/2-1/2"]
[WhiteElo "2355"]
[BlackElo "2521"]

1.d4 Nf6 2.Bg5 e6 3.e3 c5 4.c3 h6 5.Bh4 b6 6.Nd2 Bb7 7.Ngf3 Be7 8.Bd3 d6
9.Qe2 Nbd7 10.Ba6 Bxa6 11.Qxa6 O-O 12.O-O Qc8 13.Qxc8 Rfxc8 14.Rfc1 Kf8 15.Kf1 cxd4
16.cxd4 Nd5 17.Bxe7+ Kxe7 18.Ke2 b5 19.Nb3 N7b6 20.Rxc8 Rxc8 21.Rc1 Nc4 22.Nbd2 Kd7
23.b3 Nxd2 24.Rxc8 Kxc8  1/2-1/2

[Event "3rd Open"]
[Site "Paleochora GRE"]
[Date "2010.07.25"]
[Round "5"]
[White "Mamedjarova,T"]
[Black "Quinn,Jos"]
[Result "1-0"]
[WhiteElo "2280"]
[BlackElo "1806"]

1.d4 Nf6 2.Bg5 e6 3.Nf3 h6 4.Bxf6 Qxf6 5.e4 d5 6.e5 Qd8 7.Bd3 c5 8.dxc5 Bxc5
9.O-O O-O 10.c3 Nd7 11.Qe2 f6 12.Nbd2 fxe5 13.Nxe5 Nxe5 14.Qxe5 Bd6 15.Qh5 Qf6
16.Rae1 e5 17.f4 Bc7 18.fxe5 Qb6+ 19.Kh1 Bd7 20.e6 Rxf1+ 21.Nxf1 Bxe6 22.Qg6 Bf7
23.Qh7+ Kf8 24.Qh8+ Bg8 25.Ng3 Bxg3 26.hxg3 Qxb2 27.Rf1+ Ke7 28.Qxg7+ Kd6
29.Rf6+ Be6 30.Qg6 Qc1+ 31.Kh2  1-0

[Event "TCh-CHN"]
[Site "Shanghai CHN"]
[Date "2010.07.25"]
[Round "8"]
[White "Li Haoyu"]
[Black "Lou Yiping"]
[Result "1/2-1/2"]
[WhiteElo "2369"]
[BlackElo "2429"]

1.d4 Nf6 2.Bg5 e6 3.Nd2 h6 4.Bh4 d5 5.e3 c5 6.c3 Nc6 7.Bd3 e5 8.dxe5 Nxe5
9.Bb5+ Bd7 10.Bxf6 Qxf6 11.Bxd7+ Nxd7 12.Ngf3 Be7 13.Qa4 a6 14.O-O b5 15.Qb3 Qc6
16.Rad1 O-O 17.Rfe1 Rfe8 18.Nf1 Nf6 19.e4 Nxe4 20.Qxd5 Qxd5 21.Rxd5 Bf6 22.N1d2 Nxd2
23.Rxd2 c4 24.Kf1 a5 25.Rxe8+ Rxe8 26.a3 b4 27.axb4 axb4 28.cxb4 c3 29.bxc3 Bxc3
30.Re2  1/2-1/2

[Event "Tch-POR 1st Div Final"]
[Site "Vila Nova de Gaia POR"]
[Date "2010.07.25"]
[Round "2.1"]
[White "Hennig,D"]
[Black "De Sousa,Jos"]
[Result "1-0"]
[WhiteElo "2404"]
[BlackElo "2262"]

1.d4 Nf6 2.Bg5 e6 3.e3 h6 4.Bh4 c5 5.c3 Be7 6.Bxf6 gxf6 7.Nd2 b6 8.Qh5 Bb7
9.Ngf3 d6 10.e4 cxd4 11.Nxd4 Qc8 12.Bc4 Kf8 13.O-O Qc5 14.Qh3 Nc6 15.N4b3 Qg5
16.f4 Qg8 17.Rae1 h5 18.Qe3 Rd8 19.Qe2 h4 20.Rf3 Rh6 21.Rh3 Qh7 22.Bd3 Rh5
23.Qf2 Kg7 24.Nf3 Rh8 25.Kh1 Qh6 26.Nfd4 Qh7 27.Rd1 Qg8 28.Be2 R5h6 29.Bf3 Qa8
30.Nb5 Qb8 31.N3d4 a6 32.Nxc6 Bxc6 33.Nd4 Ba8 34.f5 e5 35.Nc2 Qc7 36.Nb4 Bb7
37.Nd5 Bxd5 38.Rxd5 Qc4 39.a3 Qc6 40.Bd1 Bd8 41.Bb3 Bc7 42.Qe2 b5 43.Rdd3 Kf8
44.Bd5 Qc5 45.b4 Qa7 46.Qa2 R6h7 47.Rdf3 Ke7 48.a4 bxa4 49.Qxa4 Qb6 50.Rf1 a5
51.Qc2 axb4 52.cxb4 Bb8 53.Rb1 Rg8 54.Rc3 h3 55.g3 Rhh8 56.Rc6 Qa7 57.b5 Rd8
58.b6 Qa3 59.Rc3 Rc8 60.Rxa3 Rxc2 61.Ra7+ Bxa7 62.bxa7 Rhc8 63.Rg1 Rb2 64.a8=Q Rcc2
65.Qb7+ Ke8 66.Qxb2  1-0

[Event "21st Czech GM Open"]
[Site "Pardubice CZE"]
[Date "2010.07.27"]
[Round "5"]
[White "Meenakshi,Sun"]
[Black "Mikhailov,Vi"]
[Result "1-0"]
[WhiteElo "1840"]
[BlackElo "2139"]

1.d4 Nf6 2.Bg5 e6 3.e4 Be7 4.Nc3 O-O 5.Qd2 a6 6.e5 Ne8 7.h4 b5 8.Bd3 Bb7
9.Nh3 c5 10.dxc5 Nc6 11.Qe2 g6 12.O-O-O Nxe5 13.Qxe5 f6 14.Qg3 fxg5 15.Nxg5 Qb8
16.Qe3 Qf4 17.Be4 Bxe4 18.Ncxe4 Ra7 19.Rd3 h6 20.Nf3 Ng7 21.Qxf4 Rxf4 22.Re1 Rf5
23.Red1 Bxc5 24.g4 Rxf3 25.Rxf3 Be7 26.Nf6+ Kh8 27.Nxd7 Bxh4 28.Nf8 Bg5+
29.Kb1 Rc7 30.Nxg6+ Kh7 31.Ne5 Rc5 32.Nf7 Rc7 33.Nxg5+ hxg5 34.Rh3+ Kg6 35.f3 Ne8
36.b3 Rc3 37.Re1 Nc7 38.Kb2 b4 39.a3 a5 40.axb4 axb4 41.Re4 Nd5 42.Rxb4 Re3
43.Re4  1-0

[Event "21st Czech GM Open"]
[Site "Pardubice CZE"]
[Date "2010.07.28"]
[Round "6"]
[White "Kireev,Al"]
[Black "Umudova,N"]
[Result "1/2-1/2"]
[WhiteElo "2355"]
[BlackElo "2239"]

1.d4 Nf6 2.Bg5 e6 3.e3 h6 4.Bh4 c5 5.c3 b6 6.Nd2 Bb7 7.Ngf3 cxd4 8.cxd4 Be7
9.Bd3 O-O 10.O-O d6 11.Rc1  1/2-1/2

[Event "21st Czech GM Open"]
[Site "Pardubice CZE"]
[Date "2010.07.29"]
[Round "7"]
[White "Krejci,Jan2"]
[Black "Schuh,Di"]
[Result "0-1"]
[WhiteElo "2463"]
[BlackElo "2336"]

1.d4 Nf6 2.Bg5 e6 3.Nf3 c5 4.c3 Qb6 5.Qc2 Nc6 6.Bxf6 gxf6 7.e3 d5 8.Nbd2 e5
9.e4 cxd4 10.exd5 dxc3 11.bxc3 Ne7 12.Rb1 Qd8 13.Bb5+ Bd7 14.Ne4 Nxd5 15.Qb3 Nb6
16.Rd1 Be7 17.Nh4 Qc7 18.Rxd7 Nxd7 19.Nf5 a6 20.Bxd7+ Qxd7 21.Nfd6+ Kd8 22.Nc5 Qc6
23.Nxf7+ Kc8 24.Nxh8 Bxc5 25.Qg8+ Kc7 26.Qxh7+ Qd7 27.Qxd7+ Kxd7 28.Ng6 Rg8
29.Nh4 Rg4 30.g3 Ra4 31.O-O Rxa2 32.Nf5 Ke6 33.Ng7+ Kf7 34.Nf5 Ke6 35.Ng7+ Kf7
36.Nf5 a5 37.h4 Kg6 38.g4 Ra4 39.h5+ Kg5 40.Kh2 Rxg4 41.f3 Rc4 42.Ng3 f5
43.Re1 Bd6 44.Rd1 Bc7 45.Kh3 e4 46.h6 exf3 47.Rd4 Rxd4 48.cxd4 Kxh6 49.Nxf5+ Kg5  0-1

[Event "21st Czech GM Open"]
[Site "Pardubice CZE"]
[Date "2010.07.29"]
[Round "7"]
[White "Meenakshi,Sun"]
[Black "Glantz,R"]
[Result "1/2-1/2"]
[WhiteElo "1840"]
[BlackElo "2207"]

1.d4 Nf6 2.Bg5 e6 3.e4 h6 4.Bxf6 Qxf6 5.Qd2 e5 6.Nf3 exd4 7.Nxd4 Bc5 8.c3 Nc6
9.Nxc6 Qxc6 10.Bd3 O-O 11.O-O b5 12.b4 Bb6 13.Na3 Bb7 14.Kh1 a6 15.c4 bxc4
16.Nxc4 d5 17.Nxb6 cxb6 18.Rac1 Qd6 19.Bc4 d4 20.Bd5 Bxd5 21.Qxd4 Rfe8 22.exd5 Rad8
23.h3 Re5 24.Rfe1 Rxd5 25.Qc4 b5 26.Qc6 Qxc6 27.Rxc6 R8d6 28.Rc7 Rd7 29.Rxd7 Rxd7
30.Re8+ Kh7 31.Ra8 Rd6 32.Kh2 Kg6 33.f3 Kf5 34.Ra7 Ke6 35.a3 Kf6 36.g4 Re6
37.Kg3 Rd6 38.Rc7 Re6 39.h4 Kg6 40.h5+ Kf6 41.Ra7 Rd6 42.Kh4 g5+ 43.hxg6 Kxg6
44.Ra8 f5 45.Ra7 Rc6 46.Ra8  1/2-1/2